00528 a2200169 4500010001400000020002300014035001300037037001500050082001000065100002000075245008100095250001100176260004900187270004400236300002800280500005000308 aENG-87053 a0070660484c250.00 aEN-70586 bDBAD / PUB14a511.3 aMartin, John c.1 aIntroduction to languages and the theory of computation /cby John C. Martin a3rd ed aNew DelhibTata McGraw-Hill Publishingc2007 a7, West Patel NagarbNew Delhie110 008 axiii, 543pc24cm (pbk) aincludes bibliographical references and index